WINISIS гарын авлага (Бичлэгийн дугаар. 41651)
[ энгийн харах ]
| 000 -Удирдлага | |
|---|---|
| Ном зүйн бүртгэл тоо буюу кодлох утгыг агуулсан | 01031 a2200229 4500 |
| 003 - ХЯНАЛТЫН ТОО ТОДОРХОЙЛОГЧ | |
| Код | MN-UlNLM |
| 005 - ХАМГИЙН СҮҮЛИЙН ҮЕИЙН ХЭЛЦЛИЙН ОГНОО БА ЦАГ | |
| Тухайн бичилтийг бичсэн засварласан сүүлийн огноо. | 20220428164605.0 |
| 008 - ЕРӨНХИЙ МЭДЭЭЛЭЛ-ЭЛЕМЕНТҮҮДИЙН ӨГӨГДЛИЙН УРТ | |
| fixed length control field | a130t2002 mp ||||| |||| 00| 0 mon d |
| 040 ## - ЭХ СУРВАЛЖИЙГ ТОДОРХОЙЛОН БИЧИХ | |
| Анхны каталогийн байгууллага | Монгол Улсын Үндэсний номын сан |
| 084 ## - БУСАД АНГИЛЛЫН ДУГААР | |
| Анги | 78.37 |
| Ангиллын нэр | Номын сан номзүйн ангилал |
| Зохиогчийн 3-н тэмдэгт | Б 382 |
| Шинжлэх ухааны мэдлэгийн салбар | Соёл, шинжлэх ухаан, боловсрол - 7 |
| 100 1# - ЗОХИОГЧИЙН ХЭСЭГ | |
| Зохиогчийн нэр | Баяраа Б., |
| -- | Бат-Одон П. |
| 245 0# - ҮНДСЭН ГАРЧИГ | |
| Гарчиг | WINISIS гарын авлага |
| Оролцогчдын тухай мэдээ | Ред. Б.Нарангэрэл |
| 250 ## - ХЭВЛЭЛТИЙН ТУХАЙ МЭДЭЭ | |
| Дахин хэвлэлтийн мэдээ | 1 |
| 260 1# - ГАРАЛТЫН ТУХАЙ МЭДЭЭ | |
| Хэвлэгдсэн он | 2002 |
| Хэвлэгдсэн газар | УБ |
| Хэвлэлийн газар | Өнгөт хэвлэл |
| 300 ## - ТООНЫ МЭДЭЭ | |
| Хуудасны тоо | 127х |
| 546 ## - ХЭЛНИЙ ТУХАЙ МЭДЭЭ | |
| Хэл | |
| 653 ## - ТҮЛХҮҮР ҮГС | |
| Түлхүүр үг | Соёл шинжлэх ухаан боловсрол |
| -- | Каталогжуулалт. Номын сангийн катологууд |
| 740 ## - НОМЫН АГУУЛГЫН ГАРЧИГ | |
| Номын гарчгууд | Электрон каталог. |
| -- | CDS-ISIS системийн тухай ерөнхий ойлголт. |
| -- | CDS-ISIS программыг суулгах. |
| -- | Өөр файлаас өгөгдлийн сангийн бүтцийг импортлох. |
| -- | Өгөгдөл оруулах. |
| 856 ## - ЭЛЕКТРОН БАЙРЛАЛ БА ХОЛБООС | |
| Төрөл | Хэвлэмэл ном |
| 942 ## - ЭЛЕМЕНТИЙН ТӨРӨЛ | |
| Төрөл | Ном |
| Буцаан татагдсан төлөв | Хасагдсан шалтгаан | Гэмтсэн төлөв | Данс заагч | Захиалах боломжгүй | Үндсэн номын сан | Одоогийн байршил | Салбар танхим | Сан хөмрөг 5 | Бүртгэсэн огноо | Тавиурын заалт | Баркод | Үнэ | Хамгийн сүүлд байсан огноо | Салбар | Нийт уншлаганд гарсан тоо | Төрөл |
|---|---|---|---|---|---|---|---|---|---|---|---|---|---|---|---|---|
| МУҮНомын сан салбар | МУҮНомын сан салбар | МУҮНС салбар | Эрдэм танхим 7 давхар | МУҮНС салбар | Эрдэм танхим 7 давхар | 2021-09-13 | 2799 | 003000002799 | 1570.00 | 2022-11-20 | 0000030027 | Ном | ||||||
| МУҮНомын сан салбар | МУҮНомын сан салбар | МУҮНС салбар | Эрдэм танхим 7 давхар | МУҮНС салбар | Эрдэм танхим 7 давхар | 2021-09-13 | 2800 | 03002800 | 1570.00 | 2021-09-13 | 0000030028 | Ном | ||||||
| МУҮНомын сан салбар | МУҮНомын сан салбар | МУҮНС салбар | Эрдэм танхим 7 давхар | МУҮНС салбар | Эрдэм танхим 7 давхар | 2021-09-13 | 2803 | 03002803 | 1570.00 | 2021-09-13 | 0000030028 | Ном | ||||||
| МУҮНомын сан салбар | МУҮНомын сан салбар | МУҮНС салбар | Эрдэм танхим 7 давхар | МУҮНС салбар | Эрдэм танхим 7 давхар | 2021-09-13 | 2801 | 03002801 | 1570.00 | 2021-09-13 | 0000030028 | Ном | ||||||
| МУҮНомын сан салбар | МУҮНомын сан салбар | МУҮНС салбар | Эрдэм танхим 7 давхар | МУҮНС салбар | Эрдэм танхим 7 давхар | 2021-09-13 | 2802 | 03002802 | 1570.00 | 2021-09-13 | 0000030028 | Ном |